| 000 | 01168cam a22002178i 4500 | ||
|---|---|---|---|
| 999 |
_c58245 _d58245 |
||
| 001 | 21314526 | ||
| 005 | 20221107111602.0 | ||
| 008 | 191127s2020 enk b 001 0 eng | ||
| 020 | _a9780367147846x | ||
| 080 | _a378 D-49 | ||
| 245 | 0 | 0 |
_aDelivering educational change in higher education : _ba transformative approach for leaders and practitioners / _cedited by Jackie Potter and Cristina Devecchi. |
| 264 | 1 |
_aLondon : _bRoutledge, _c2020. |
|
| 300 |
_a208 pages ; _b23 cm. |
||
| 490 | 0 | _aStaff and educational development series | |
| 653 | _aუმაღლესი განათლების სფეროში საგანმანათლებლო ცვლილებების განხორციელება | ||
| 653 | _aგარდამტეხი მიდგომა ლიდერებისა და პრაქტიკოსებისთვის | ||
| 700 | 1 |
_aPotter, Jackie, _eeditor. _912596 |
|
| 700 | 1 |
_aDevecchi, Cristina, _eeditor. _912597 |
|
| 776 | 0 | 8 |
_iOnline version: _tDelivering educational change in higher education _dNew York : Routledge, 2020. _z9780429053405 _w(DLC) 2019044877 |
| 942 |
_2udc _cBK |
||